Video Games Set in Different US States - Statistics

General Stats
  • This quiz has been taken 30 times
  • The average score is 8 of 26
Answers on the Map
Answers color-coded by a green-red scale on the quiz's map according to % correct below.
 
Answer Stats
Answer % Correct
Detroit: Become Human
69%
Marvels Spider Man 2
63%
Fallout New Vegas
50%
Grand Theft Auto: Vice City
50%
LA Noire
50%
Fallout 76
38%
Fallout 76 (Atlantic City)
38%
Fallout 3 (Northern Half)
31%
Fallout 3: The Pitt
31%
Fallout 4
31%
Fallout New Vegas: Honest Hearts
31%
Far Cry 5
31%
Life Is Strange 2
31%
Mafia 3
31%
Fallout 3 (Southern Half)
25%
Fallout 4: Far Harbor
25%
Firewatch
25%
Intro of Metal Gear Solid 1 and Ending of Metal Gear Solid 3
25%
Project Zomboid
25%
Beginning of Half-Life
19%
Assasains Creed: Rogue
13%
Days Gone
13%
Faith: The Unholy Trinity
13%
Fallout 76: Burning Springs
13%
Fallout Tactics: Brotherhood of Steel
13%
Horizon
13%
No matching quizzes found
Score Distribution
Percent of People with Each Score
Percentile by Number Answered
Your Score History
You have not taken this quiz